Monetary and fiscal policies : reforms (Record no. 190745)

MARC details
000 -LEADER
fixed length control field 00464nam a2200169Ia 4500
008 - FIXED-LENGTH DATA ELEMENTS--GENERAL INFORMATION
fixed length control field 231217s9999 xx 000 0 und d
020 ## - INTERNATIONAL STANDARD BOOK NUMBER
International Standard Book Number 8178811677
041 ## - LANGUAGE CODE
Language code of text/sound track or separate title English
082 ## - DEWEY DECIMAL CLASSIFICATION NUMBER
Classification number 332.46 CHO;1 R
100 ## - MAIN ENTRY--PERSONAL NAME
Personal name Chowdary, Nagendra V ed.
245 #0 - TITLE STATEMENT
Title Monetary and fiscal policies : reforms
260 ## - PUBLICATION, DISTRIBUTION, ETC.
Date of publication, distribution, etc. 2002
Name of publisher, distributor, etc. ICFAI Press
Place of publication, distribution, etc. Hyderabad
300 ## - PHYSICAL DESCRIPTION
Extent xiii, 196+A10
400 ## - SERIES STATEMENT/ADDED ENTRY--PERSONAL NAME [OBSOLETE, CAN/MARC], [LOCAL, USA]
Personal name Economy series
650 ## - SUBJECT ADDED ENTRY--TOPICAL TERM
Topical term or geographic name entry element Monetary,fiscal,policies,reforms
942 ## - ADDED ENTRY ELEMENTS (KOHA)
Koha item type Books
Holdings
Date last seen Total checkouts Full call number Accession number Cost, total (INR) price Price effective from Category Public note Lost status Damaged status Department Withdrawn status Home library Current library Shelving location Entry date Vendor Cost, normal purchase price Grants Billnumber Billdate Currency symbol Conversion rate Discount Old discount
26/01/2024   332.46 CHO;1 R 71719 38.00 26/01/2024 Books 71719     Central Library   Central Library Central Library Central Library 16/12/2010 ICFAI Press 38.00 MBA 1993 10/03/2015 RS 1    
26/01/2024   332.46 CHO;2 R1 71720 38.00 26/01/2024 Books 71720     Central Library   Central Library Central Library F-Block Library Annex 16/12/2010 ICFAI Press 38.00 MBA 1993 10/03/2015 RS 1    

© For any Suggestions or Query, please contact the library staff @ librarian@pes.edu or Phone: +9180 2672 1983/ 2108.